კლინიკური სტომატოლოგია : (ბიბ.ჩანაწერი № 36365)
[ მარტივი ფორმატი ]
| 000 -ლიდერი | |
|---|---|
| ფიქსირებული სიგრძის საკონტროლო ველი | 00951nam a2200217Ia 4500 |
| 001 - საკონტროლო ნომერი | |
| საკონტროლო ველი | 2277 |
| 003 - საკონტროლო ნომრის იდენტიფიკატორი | |
| საკონტროლო ველი | GE_BSU |
| 005 - ბოლო ოპერაციის თარიღი და დრო | |
| საკონტროლო ველი | 20190502104624.0 |
| 008 - ფიქსირებული სიგრძის მონაცემთა ელემენტები - ზოგადი ინფორმაცია | |
| ფიქსირებული სიგრძის საკონტროლო ველი | 181216s1996||||ge |||||||||||||| ||geo|| |
| 040 ## - კატალოგიზაციის წყარო | |
| Transcribing agency | GE_BSU |
| 080 ## - უნივერსალური ათობითი კლასიფიკაციის ინდექსი | |
| Universal Decimal Classification number | 616.31(075.8) ბ–91 |
| 100 ## - მთავარი ჩანაწერი - პიროვნების სახელი | |
| Personal name | ბრეგაძე, ა. |
| 9 (RLIN) | 622 |
| 245 ## - ცნობა სათაურის შესახებ | |
| Title | კლინიკური სტომატოლოგია : |
| Remainder of title | სამედ. ინ – ტის სტუდენტებისათვის / |
| Statement of responsibility, etc | ა. ბრეგაძე, ო. ბრეგაძე; რედ. მ. ომანიძე. |
| 250 ## - გამოცემის ცნობა | |
| Edition statement | 2 – ე გამოცემა. |
| Remainder of edition statement | სახელმძღვანელო |
| 264 ## - წარმოების, გამოცემის, დისტრიბუციის და სხვა ცნობები | |
| გამოცემის, წარმოების, დისტრიბუციის... ადგილი | თბილისი: |
| გამოცემის, წარმოების, დისტრიბუციის... სახელწოდება | "მედეა", |
| გამოცემის, წარმოების, დისტრიბუციის... თარიღი | 1996 |
| 300 ## - ფიზიკური აღწერა | |
| Extent | 263გვ. : |
| Other physical details | ცხ.; |
| Dimensions | 19სმ. |
| 653 ## - INDEX TERM--UNCONTROLLED | |
| Uncontrolled term | მედიცინა |
| 653 ## - INDEX TERM--UNCONTROLLED | |
| Uncontrolled term | სტომატოლოგია |
| 700 ## - ADDED ENTRY--PERSONAL NAME | |
| Personal name | ბრეგაძე, ა. |
| Relator term | ავტორი |
| 9 (RLIN) | 622 |
| 942 ## - ADDED ENTRY ELEMENTS (KOHA) | |
| Koha item type | წიგნი |
| Source of classification or shelving scheme | |
